MARC details
| 000 -LEADER |
| campo de control de longitud fija |
01720cam a2200445La 4500 |
| 001 - NÚMERO DE CONTROL |
| campo de control |
85545 |
| 005 - FECHA Y HORA DE LA ÚLTIMA TRANSACCIÓN |
| campo de control |
20230411090044.0 |
| 008 - DATOS DE LONGITUD FIJA--INFORMACIÓN GENERAL |
| campo de control de longitud fija |
981208s1998 cl i000 0 eng d |
| 035 ## - NÚMERO DE CONTROL DEL SISTEMA |
| Número de control de sistema |
(OCoLC)ocn153303840 |
| 040 ## - FUENTE DE CATALOGACIÓN |
| Centro catalogador/agencia de origen |
NNUN |
| Centro/agencia transcriptor |
NYDRD |
| 020 ## - NÚMERO INTERNACIONAL ESTÁNDAR DEL LIBRO |
| Número Internacional Estándar del Libro |
9213214359 |
| 020 ## - NÚMERO INTERNACIONAL ESTÁNDAR DEL LIBRO |
| Número Internacional Estándar del Libro |
9789213214350 |
| 022 ## - NÚMERO INTERNACIONAL NORMALIZADO PARA PUBLICACIONES SERIADAS |
| Número Internacional Normalizado para Publicaciones Seriadas |
02522195 |
| 035 ## - NÚMERO DE CONTROL DEL SISTEMA |
| Número de control de sistema |
(OCoLC)153303840 |
| 037 ## - FUENTE DE ADQUISICIÓN |
| Número de adquisición |
96.II.G.4 |
| Fuente del número de adquisición |
United Nations Publications, Room DC2-0853, Dept. I004, New York, N.Y. 10017 |
| 084 ## - OTRO NÚMERO DE CLASIFICACIÓN |
| Número de clasificación |
DHL ST/CEPAL(05)/C8/no.75 |
| Fuente del número |
z |
| 086 ## - NÚMERO DE CLASIFICACIÓN PARA DOCUMENTOS GUBERNAMENTALES |
| Número de clasificación |
[E/]LC/G.1878 |
| Fuente del número |
undoc |
| 086 ## - NÚMERO DE CLASIFICACIÓN PARA DOCUMENTOS GUBERNAMENTALES |
| Número de clasificación |
[E/]LC/DEM/G.162 |
| Fuente del número |
undoc |
| 049 ## - FONDOS LOCALES (OCLC) |
| Biblioteca depositaria |
GRAL |
| 245 00 - MENCIÓN DEL TÍTULO |
| Título |
Crecimiento de la población y desarrollo económico. |
| 260 ## - PUBLICACIÓN, DISTRIBUCIÓN, ETC. |
| Lugar de publicación, distribución, etc. |
Santiago : |
| Nombre del editor, distribuidor, etc. |
Naciones Unidas, |
| Fecha de publicación, distribución, etc. |
1996. |
| 300 ## - DESCRIPCIÓN FÍSICA |
| Extensión |
95, [11] p. |
| Otras características físicas |
charts. |
| 490 1# - MENCIÓN DE SERIE |
| Mención de serie |
Cuadernos de la CEPAL |
| Número Internacional Normalizado para Publicaciones Seriadas |
0252-2195 ; |
| Designación de volumen o secuencia |
75 |
| 500 ## - NOTA GENERAL |
| Nota general |
Includes bibliographical references. |
| 500 ## - NOTA GENERAL |
| Nota general |
Prepared by Walter Mertens, consultant of the Latin American Demographic Centre within the framework of the preparatory activities for the Latin American and Caribbean Regional Conference on Population and Development, Mâexico, Apr. 1993. |
| 500 ## - NOTA GENERAL |
| Nota general |
UN Job no.: S957871 S. |
| 500 ## - NOTA GENERAL |
| Nota general |
UN sales no.: 96.II.G.4. |
| 500 ## - NOTA GENERAL |
| Nota general |
Material type: Sales publications (UN). |
| 506 ## - NOTA DE RESTRICCIONES AL ACCESO |
| Limitaciones de acceso |
Distribution: General. |
| 611 27 - PUNTO DE ACCESO ADICIONAL DE MATERIA--NOMBRE DE REUNIÓN/CONGRESO |
| Nombre de congreso/reunión o jurisdicción como elemento de entrada |
Latin American and Caribbean Regional Conference on Population and Development (1993 : Mexico City) |
| Fuente del encabezamiento o término |
unbisn |
| 650 07 - PUNTO DE ACCESO ADICIONAL DE MATERIA--TÉRMINO DE MATERIA |
| Término de materia o nombre geográfico como elemento de entrada |
POPULATION GROWTH. |
| Fuente del encabezamiento o término |
unbist |
| 650 07 - PUNTO DE ACCESO ADICIONAL DE MATERIA--TÉRMINO DE MATERIA |
| Término de materia o nombre geográfico como elemento de entrada |
ECONOMIC DEVELOPMENT. |
| Fuente del encabezamiento o término |
unbist |
| 700 1# - ENTRADA AGREGADA--NOMBRE PERSONAL |
| Nombre de persona |
Mertens, Walter. |
| 710 2# - ENTRADA AGREGADA--NOMBRE DE ENTIDAD CORPORATIVA |
| Nombre de entidad corporativa o nombre de jurisdicción como elemento de entrada |
UN. ECLAC. |
| 710 2# - ENTRADA AGREGADA--NOMBRE DE ENTIDAD CORPORATIVA |
| Nombre de entidad corporativa o nombre de jurisdicción como elemento de entrada |
Latin American Demographic Centre. |
| 830 #0 - PUNTO DE ACCESO ADICIONAL DE SERIE-TÍTULO UNIFORME |
| Título uniforme |
Cuadernos de la CEPAL ; |
| Designación de volumen o secuencia |
75. |
| 942 ## - ELEMENTOS DE ENTRADA SECUNDARIOS (KOHA) |
| Fuente del sistema de clasificación o colocación |
Clasificación de Library of Congress |
| Tipo de ítem Koha |
|
| 994 ## - |
| -- |
C0 |
| -- |
DRFGD |
| 946 ## - PROCESAMIENTO DE INFORMACIÓN LOCAL (OCLC) |
| a |
web |